[Event "Gallarate Ricciardi op"]
[Site "Gallarate"]
[Date "2016.06.14"]
[Round "5"]
[White "Mazzarone, Maurizio"]
[Black "Vada, Riccardo"]
[Result "0-1"]
[WhiteElo "1948"]
[BlackElo "1943"]
[PlyCount "50"]
[EventDate "2016.05.17"]
[EventType "swiss"]
[EventRounds "6"]
[EventCountry "ITA"]
[SourceTitle "EXT 2018"]
[Source "ChessBase"]
[SourceDate "2017.10.13"]
[SourceVersion "1"]
[SourceVersionDate "2017.10.13"]
[SourceQuality "1"]

1. d4 d5 2. Nf3 Nf6 3. Bf4 c5 4. c3 Nc6 5. e3 Bg4 6. Nbd2 e6 7. Bd3 Bd6 8. Bg3 0-0 9. Qc2 c4 10. Be2 Bf5 11. Qd1 h6 12. 0-0 Bxg3 13. hxg3 b5 14. Re1 b4 15. Nh2 Qa5 16. Qc1 Rab8 17. Bf3 e5 18. e4 Nxe4 19. Bxe4 Bxe4 20. Nxe4 dxe4 21. Rxe4 Qd5 22. Qe1 exd4 23. cxd4 f5 24. Re6 Nxd4 25. Rd1 Qxe6 0-1

[Event "Gallarate Ricciardi op"]
[Site "Gallarate"]
[Date "2016.05.24"]
[Round "2"]
[White "Colusso, Ermes"]
[Black "Mazzarone, Maurizio"]
[Result "1-0"]
[WhiteElo "1745"]
[BlackElo "1948"]
[PlyCount "76"]
[EventDate "2016.05.17"]
[EventType "swiss"]
[EventRounds "6"]
[EventCountry "ITA"]
[SourceTitle "EXT 2018"]
[Source "ChessBase"]
[SourceDate "2017.10.13"]
[SourceVersion "1"]
[SourceVersionDate "2017.10.13"]
[SourceQuality "1"]

1. e4 e6 2. d4 d5 3. Nc3 Bb4 4. e5 c5 5. Qg4 Ne7 6. dxc5 Bxc3+ 7. bxc3 Qc7 8. Nf3 Nbc6 9. Qg3 Ng6 10. Bb5 Qa5 11. Bxc6+ bxc6 12. Bd2 Ba6 13. c4 Qxc5 14. 0-0 Qxc4 15. Rfc1 0-0 16. c3 Rab8 17. Nd4 Rb6 18. Nb3 Ne7 19. f4 Rfb8 20. Qf2 Qe2 21. Be3 Qxf2+ 22. Bxf2 Rb5 23. Bc5 Nc8 24. Bb4 R5b6 25. Nc5 h6 26. a4 Bc4 27. Nd7 Rxb4 28. cxb4 Rxb4 29. Rab1 a5 30. Rxb4 axb4 31. Rb1 b3 32. Nc5 Nb6 33. a5 Na8 34. Nxb3 Nc7 35. Nc5 Bb5 36. Ra1 Na6 37. Nxa6 Bxa6 38. Rb1 Bb5 1-0

[Event "Gallarate Ricciardi op"]
[Site "Gallarate"]
[Date "2016.05.17"]
[Round "1"]
[White "Mazzarone, Maurizio"]
[Black "Della Rocca, Luigi"]
[Result "1/2-1/2"]
[WhiteElo "1948"]
[BlackElo "1793"]
[PlyCount "92"]
[EventDate "2016.05.17"]
[EventType "swiss"]
[EventRounds "6"]
[EventCountry "ITA"]
[SourceTitle "EXT 2018"]
[Source "ChessBase"]
[SourceDate "2017.10.13"]
[SourceVersion "1"]
[SourceVersionDate "2017.10.13"]
[SourceQuality "1"]

1. d4 Nf6 2. Nf3 d5 3. Bf4 e6 4. e3 Bd6 5. Bg3 a6 6. Bd3 c5 7. c3 c4 8. Bc2 b5 9. Nbd2 Bb7 10. Ne5 Qe7 11. 0-0 Nc6 12. Ndf3 Ne4 13. Nxc6 Bxc6 14. Bxd6 Qxd6 15. Ne5 0-0 16. f3 Nf6 17. Re1 Nd7 18. Nxc6 Qxc6 19. e4 Rab8 20. Qd2 Rb6 21. Re2 Rfb8 22. Rae1 dxe4 23. Bxe4 Qd6 24. f4 Nf6 25. Bf3 b4 26. g3 bxc3 27. Qxc3 Qb4 28. d5 Nxd5 29. Bxd5 Qc5+ 30. Qe3 Qxd5 31. Rd2 Qc6 32. Red1 h6 33. Qe5 Re8 34. Rd7 Rb5 35. Qd4 Qb6 36. Qxb6 Rxb6 37. Rc7 Rxb2 38. Rdd7 Rf8 39. a4 Rb4 40. a5 Rb5 41. Rxc4 Rxa5 42. Rc2 g6 43. Kg2 h5 44. Kf3 Kg7 45. Rdc7 Ra1 46. Ra7 a5 1/2-1/2

[Event "Ricciardi op 19th"]
[Site "Gallarate"]
[Date "2015.06.09"]
[Round "4"]
[White "Mazzarone, Maurizio"]
[Black "Cunati, Valerio"]
[Result "1-0"]
[WhiteElo "1935"]
[BlackElo "1699"]
[PlyCount "46"]
[EventDate "2015.05.19"]
[EventType "swiss"]
[EventRounds "6"]
[EventCountry "ITA"]
[SourceTitle "EXT 2017"]
[Source "ChessBase"]
[SourceDate "2016.10.25"]
[SourceVersion "1"]
[SourceVersionDate "2016.10.25"]
[SourceQuality "1"]

1. d4 Nf6 2. Nf3 d5 3. Bf4 Nc6 4. e3 Bg4 5. c3 e6 6. Nbd2 Bd6 7. Bg3 0-0 8. Bd3 e5 9. dxe5 Nxe5 10. Be2 Rc8 11. 0-0 c6 12. Nxe5 Bxe2 13. Nxf7 Bxd1 14. Nxd8 Be2 15. Rfe1 Rcxd8 16. Rxe2 Ne4 17. Bxd6 Rxd6 18. Rd1 Nc5 19. Nf3 Ne6 20. Red2 Nc5 21. c4 Ne4 22. Rd4 Rfd8 23. cxd5 c5 1-0

[Event "Salerno op"]
[Site "Salerno "]
[Date "2012.01.28"]
[Round "3"]
[White "Mazzarone, Maurizio"]
[Black "De Felice, Michele"]
[Result "1-0"]
[WhiteElo "1930"]
[BlackElo "1845"]
[PlyCount "139"]
[EventDate "2012.01.27"]
[EventType "swiss"]
[EventRounds "6"]
[EventCountry "ITA"]
[SourceTitle "EXT 2014"]
[Source "ChessBase"]
[SourceDate "2013.11.20"]
[SourceVersion "1"]
[SourceVersionDate "2013.11.20"]
[SourceQuality "1"]

1. d4 d5 2. Nf3 Nf6 3. Bf4 Bf5 4. e3 e6 5. c3 Bd6 6. Ne5 0-0 7. Nd2 Nbd7 8. Ndf3 Qe7 9. Bd3 Bxd3 10. Qxd3 c5 11. Nxd7 Qxd7 12. Ne5 Qe7 13. Qe2 cxd4 14. exd4 h6 15. 0-0 Nd7 16. Rfe1 Nxe5 17. Bxe5 Bxe5 18. Qxe5 Rfe8 19. f4 Qd7 20. Re3 Rac8 21. Rae1 Qc7 22. f5 Qxe5 23. Rxe5 Rc6 24. Rxd5 Rec8 25. fxe6 fxe6 26. Rd7 Rb6 27. Re2 Rf8 28. d5 exd5 29. Ree7 Rg6 30. Rxb7 a5 31. Rbd7 Rb8 32. b3 a4 33. b4 Rc8 34. Rc7 Rd8 35. g3 d4 36. c4 d3 37. Rcd7 Rxd7 38. Rxd7 Rg4 39. Rxd3 Rxc4 40. a3 Rc1+ 41. Kg2 Ra1 42. h4 Kf7 43. Kf3 Ke6 44. Ke4 g5 45. hxg5 hxg5 46. Kd4 Rc1 47. Rc3 Rb1 48. Kc4 Kd7 49. Rf3 Ke6 50. Rd3 Ke5 51. Rd5+ Ke6 52. Rxg5 Rb3 53. g4 Rxa3 54. Ra5 Ra1 55. b5 Rg1 56. Rxa4 Rxg4+ 57. Kb3 Rg3+ 58. Kb4 Rg4+ 59. Ka5 Rg8 60. Rd4 Ra8+ 61. Kb6 Rb8+ 62. Kc6 Rc8+ 63. Kb7 Rc1 64. b6 Ke5 65. Rd2 Ke6 66. Kb8 Rb1 67. b7 Rb3 68. Ra2 Kd7 69. Ka7 Kc7 70. b8Q+ 1-0

[Event "Salerno op"]
[Site "Salerno "]
[Date "2012.01.28"]
[Round "4"]
[White "Taurisano, Vincenzo"]
[Black "Mazzarone, Maurizio"]
[Result "1-0"]
[WhiteElo "1888"]
[BlackElo "1930"]
[PlyCount "49"]
[EventDate "2012.01.27"]
[EventType "swiss"]
[EventRounds "6"]
[EventCountry "ITA"]
[SourceTitle "EXT 2014"]
[Source "ChessBase"]
[SourceDate "2013.11.20"]
[SourceVersion "1"]
[SourceVersionDate "2013.11.20"]
[SourceQuality "1"]

1. d4 Nf6 2. c4 c5 3. Nf3 g6 4. Nc3 cxd4 5. Nxd4 d6 6. e4 Bg7 7. f3 0-0 8. Be3 Nbd7 9. g4 Ne5 10. h4 a6 11. Qd2 Qc7 12. g5 Nfd7 13. Nd5 Qd8 14. 0-0-0 b5 15. cxb5 axb5 16. Kb1 Nc4 17. Bxc4 bxc4 18. Nc6 Qe8 19. Ncxe7+ Kh8 20. Bd4 Ne5 21. h5 Nxf3 22. Bxg7+ Kxg7 23. Qc3+ Ne5 24. hxg6 hxg6 25. Nf6 1-0

[Event "Salerno op"]
[Site "Salerno "]
[Date "2012.01.27"]
[Round "1"]
[White "Mazzarone, Maurizio"]
[Black "Laketic, Gojko"]
[Result "0-1"]
[WhiteElo "1930"]
[BlackElo "2430"]
[PlyCount "62"]
[EventDate "2012.01.27"]
[EventType "swiss"]
[EventRounds "6"]
[EventCountry "ITA"]
[SourceTitle "EXT 2014"]
[Source "ChessBase"]
[SourceDate "2013.11.20"]
[SourceVersion "1"]
[SourceVersionDate "2013.11.20"]
[SourceQuality "1"]

1. d4 Nf6 2. Nf3 e6 3. Bf4 c5 4. c3 b6 5. e3 Bb7 6. Nbd2 Be7 7. Bd3 Nh5 8. Bxb8 Qxb8 9. 0-0 0-0 10. Re1 Qc7 11. Rc1 Rac8 12. Ne4 cxd4 13. exd4 Nf4 14. Bb1 f5 15. Ned2 g5 16. g3 Nh3+ 17. Kf1 Qc6 18. Qb3 g4 19. d5 Qxd5 20. Qxd5 Bxd5 21. Ne5 Rc7 22. Rcd1 Ng5 23. c4 Bb7 24. a3 Bf6 25. b4 a5 26. Nb3 Bxe5 27. Rxe5 axb4 28. axb4 Nf3 29. Rb5 Nxh2+ 30. Kg1 Nf3+ 31. Kf1 Ba6 0-1

[Event "Varese op 10th"]
[Site "Varese"]
[Date "2010.10.17"]
[Round "5"]
[White "Mazzarone, Maurizio"]
[Black "Falchi, Claudio"]
[Result "1-0"]
[WhiteElo "1912"]
[BlackElo "1666"]
[PlyCount "95"]
[EventDate "2010.10.09"]
[EventType "swiss"]
[EventRounds "6"]
[EventCountry "ITA"]
[SourceTitle "EXT 2024"]
[Source "ChessBase"]
[SourceDate "2023.10.10"]
[SourceVersion "1"]
[SourceVersionDate "2023.10.10"]
[SourceQuality "1"]

1. d4 e6 2. Nf3 Nf6 3. Bf4 b6 4. e3 Bb7 5. Nbd2 d6 6. h3 Be7 7. Bd3 0-0 8. 0-0 c5 9. c3 d5 10. Ne5 Nbd7 11. Ndf3 Bd6 12. Nxf7 Rxf7 13. Bxd6 Ne4 14. Bh2 Qe7 15. Ne5 Nxe5 16. Bxe5 Raf8 17. Bxe4 dxe4 18. dxc5 Rd8 19. Qa4 Qxc5 20. Bg3 Bc6 21. Qc2 Bb5 22. Rfd1 Bd3 23. Qb3 Qd5 24. Qb4 Rc8 25. Rd2 Qc6 26. Rad1 Rd7 27. f3 Rd5 28. Qe7 Rd7 29. Qg5 Rd6 30. Qg4 Bc2 31. Rd5 exd5 32. Rxd5 exf3 33. Rxd6 Qe8 34. Qxf3 Be4 35. Qg4 Bg6 36. Be5 Rc6 37. Rd7 a6 38. Rb7 Qe6 39. Qg5 Qe8 40. Re7 Qf8 41. Rxg7+ Qxg7 42. Bxg7 Kxg7 43. Qe5+ Rf6 44. e4 a5 45. g4 Kf7 46. Qc7+ Ke6 47. e5 Rf7 48. Qd6# 1-0

[Event "Varese op 10th"]
[Site "Varese"]
[Date "2010.10.09"]
[Round "1"]
[White "Mazzarone, Maurizio"]
[Black "Lanza, Francesco Paolo"]
[Result "1-0"]
[WhiteElo "1912"]
[BlackElo "1693"]
[PlyCount "79"]
[EventDate "2010.10.09"]
[EventType "swiss"]
[EventRounds "6"]
[EventCountry "ITA"]
[SourceTitle "EXT 2024"]
[Source "ChessBase"]
[SourceDate "2023.10.10"]
[SourceVersion "1"]
[SourceVersionDate "2023.10.10"]
[SourceQuality "1"]

1. d4 e6 2. Nf3 b6 3. Bf4 Bb7 4. Nbd2 Nf6 5. e3 Nh5 6. Bg5 Be7 7. Bxe7 Qxe7 8. Bd3 Nf6 9. 0-0 0-0 10. Re1 d6 11. e4 h6 12. e5 Nh7 13. Ne4 Nd7 14. c3 f5 15. exf6 Nhxf6 16. Qb3 Kh8 17. Nh4 Qf7 18. Nxf6 Qxf6 19. Ng6+ Kg8 20. Nxf8 Nxf8 21. a4 Kh8 22. a5 Qg5 23. Be4 d5 24. Bd3 Ng6 25. Bxg6 Qxg6 26. Qb5 c6 27. Qe2 Re8 28. Qe5 b5 29. Qc7 Bc8 30. Qxc6 Rf8 31. Qxb5 e5 32. Qxd5 Qf5 33. Re2 Qg6 34. Qxe5 Bb7 35. Qg3 Qf5 36. Rae1 Kh7 37. Re7 Rf7 38. Rxf7 Qxf7 39. Qe5 Qg6 40. d5 1-0